00935nam a2200193 a 450000100100000000500170001000800410002702000180006804000250008610000540011124501030016526000460026830000280031450000550034295201110039795201110050895201050061999900170072400003230420200930063613.0110714s2012 dr 000 0 spa d a9789945453225 aDO-SdBNPbspacBNPHU1 aEstévez Saint-Hilaire, Félix Francisco95832810aNotas sobre historia del derecho dominicano /cFélix Francisco Estévez Saint-Hilaire ; editor. aSanto Domingo :bSomos Literatura,c2012. a288 p. :bil. ;c21 cm. aIncluye datos biográficos del autor en la solapa 0010718PDaPDbPDcCTd2011-07-14iLF1l0o p32304-10r2020-06-25te. 2w2020-06-25yLFPDZNo se presta 0010718DSaPDbPDcCTd2013-03-04iLF1l0o p32304-20r2020-06-25te. 3w2020-06-25yLFDSZNo se presta 0010718PDaPDbPDcCTd2013-03-04iLF1l0o p32304-30r2020-06-25w2020-06-25yLFPDZNo se presta c31795d31795